Score 0/16 Timer 04:00
0 Plays Today
Question Answer Wrong Answers
Actor
Adam West
Bruce (Batman)
87.8%
Bruce (Gotham)
1.6%
Bruce (Titans)
2%
Bruce (Arrowverse)
1.6%
Show
Batman
Bruce (Batman)
82.1%
Bruce (Gotham)
4.1%
Bruce (Titans)
4.5%
Bruce (Arrowverse)
2.4%
Quote
The true crimefighter always carries everything he needs in his utility belt, Robin.
Bruce (Batman)
81.3%
Bruce (Gotham)
3.7%
Bruce (Titans)
4.1%
Bruce (Arrowverse)
2%
Episode
That Darn Catwoman
Bruce (Batman)
75.6%
Bruce (Gotham)
8.1%
Bruce (Titans)
4.9%
Bruce (Arrowverse)
4.1%
Actor
Iain Glen
Bruce (Titans)
72.4%
Bruce (Batman)
4.5%
Bruce (Gotham)
7.3%
Bruce (Arrowverse)
6.9%
Show
Gotham
Bruce (Gotham)
72%
Bruce (Batman)
4.1%
Bruce (Titans)
8.9%
Bruce (Arrowverse)
6.9%
Actor
David Mazouz
Bruce (Gotham)
71.5%
Bruce (Batman)
6.1%
Bruce (Titans)
6.9%
Bruce (Arrowverse)
8.9%
Actor
Kevin Conroy
Bruce (Arrowverse)
62.6%
Bruce (Batman)
5.3%
Bruce (Gotham)
12.6%
Bruce (Titans)
10.6%
Episode
Crisis on Infinite Earths: Part Two
Bruce (Arrowverse)
61%
Bruce (Batman)
6.1%
Bruce (Gotham)
10.6%
Bruce (Titans)
15%
Show
Titans
Bruce (Titans)
55.7%
Bruce (Batman)
5.3%
Bruce (Gotham)
10.2%
Bruce (Arrowverse)
19.9%
Show
Batwoman
Bruce (Arrowverse)
52.8%
Bruce (Batman)
8.1%
Bruce (Gotham)
11%
Bruce (Titans)
19.1%
Episode
Nightwing
Bruce (Titans)
52%
Bruce (Batman)
6.9%
Bruce (Gotham)
19.1%
Bruce (Arrowverse)
14.2%
Quote
You can't make an informed decision without information.
Bruce (Titans)
50.4%
Bruce (Batman)
19.1%
Bruce (Gotham)
11%
Bruce (Arrowverse)
9.3%
Quote
I can show the people of Gotham that standing up to terror is the only way to take its power away.
Bruce (Gotham)
48.4%
Bruce (Batman)
12.2%
Bruce (Titans)
14.6%
Bruce (Arrowverse)
15.4%
Episode
A Dark Knight: No Man's Land
Bruce (Gotham)
41.1%
Bruce (Batman)
9.8%
Bruce (Titans)
25.6%
Bruce (Arrowverse)
16.7%
Quote
My parents taught me a very different lesson. Life only makes sense if you force it to.
Bruce (Arrowverse)
35.8%
Bruce (Batman)
10.2%
Bruce (Gotham)
29.3%
Bruce (Titans)
17.9%
Remove Ads.
Support Sporcle.
Get the best of Sporcle when you Go Orange. This ad-free experience offers more features, more stats, and more fun while also helping to support Sporcle. Thank you for becoming a member.

You're not logged in!

Compare scores with friends on all Sporcle quizzes.
OR
Log In

Sporcle TV

Today on Sporcle TV


Watch our educational content, quiz creation guides, and fun videos on Sporcle TV.

Show Comments

Extras

Top Quizzes Today


Score Distribution

Paid Content

Your Account Isn't Verified!

In order to create a playlist on Sporcle, you need to verify the email address you used during registration. Go to your Sporcle Settings to finish the process.

Report this User

Report this user for behavior that violates our Community Guidelines.

Details: